Loose Ends/ (Record no. 207690)

MARC details
000 -LEADER
fixed length control field 00576nam a22002057a 4500
005 - DATE AND TIME OF LATEST TRANSACTION
control field 20241213144911.0
010 ## - LCCN (DPL NO)
LC control number ENG- 143054
020 ## - INTERNATIONAL STANDARD BOOK NUMBER
Terms of availability 293.00
International Standard Book Number 9789357416245
035 ## - SYSTEM CONTROL NUMBER
System control number EN-126586
037 ## - SOURCE OF ACQUISITION
Source of stock number/acquisition DBAD
082 ## - DEWEY DECIMAL CLASSIFICATION NUMBER
Classification number 158.1
100 ## - MAIN ENTRY--PERSONAL NAME
Personal name Rohit
245 ## - TITLE STATEMENT
Title Loose Ends/
Statement of responsibility, etc by Rohit
Remainder of title What is Truth
250 ## - EDITION STATEMENT
Edition statement First
260 ## - PUBLICATION, DISTRIBUTION, ETC. (IMPRINT)
Place of publication, distribution, etc New Delhi
Name of publisher, distributor, etc Bluerose Publishers
Date of publication, distribution, etc 2023
270 ## - ADDRESS
City New Delhi
Electronic mail address info@bluerosepublishers.com
Telephone number 8882898898
-- 4407342408967
300 ## - PHYSICAL DESCRIPTION
Extent 235p.
Dimensions 20cm(pbk)
700 ## - ADDED ENTRY--PERSONAL NAME
9 (RLIN) 75124
942 ## - ADDED ENTRY ELEMENTS (KOHA)
Source of classification or shelving scheme Dewey Decimal Classification
Item type English Books
Classification part 158.1
Call number suffix ROH
Edition 1
Holdings
Withdrawn status Lost status Not for loan Collection code Home library Current library Date acquired Source of acquisition Cost, normal purchase price Full call number Barcode Copy number Cost, replacement price Koha item type
      Non-fiction Sarojini Nagar Sarojini Nagar 13/12/2024 DBAD 293.00 158.1 ROH EN-126586 1 293.00 English Books

© Delhi Public Library
Hit Counter
free hit counter